Флаги государств, пограничных с Россией - Statistics

General Stats
  • This quiz has been taken 19 196 times
  • The average score is 13 of 14
Answer Stats
Флаг Государство % Correct
Казахстан
100%
Китай
99%
Украина
99%
Польша
98%
Беларусь
98%
Эстония
90%
Литва
88%
Латвия
88%
Норвегия
87%
Азербайджан
87%
Грузия
86%
Финляндия
86%
Северная Корея
85%
Монголия
82%
No matching quizzes found
Score Distribution
Percent of People with Each Score
Percentile by Number Answered
Your Score History
You have not taken this quiz